| 000 | 00779nam a2200205 4500 | ||
|---|---|---|---|
| 008 | 170424b xxu||||| |||| 00| 0 eng d | ||
| 020 | _a0-06-016591-X | ||
| 082 |
_21991 _aDC 306.0973 _bL53n |
||
| 100 |
_920159 _aLeinberger, Paul, 1947- |
||
| 245 |
_aThe New individualists : _bthe generation after The organization man / _c Paul Leinberger, Bruce Tucker |
||
| 250 | _a1st ed | ||
| 260 |
_aNew York, New York : _bHarperCollins Publishers, _cc1991./ |
||
| 300 |
_ax, 454 pages ; _c25 cm. |
||
| 500 | _aIncludes bibliographical references and index. | ||
| 650 | 0 |
_920161 _aUnited States -- Social conditions -- 1945- |
|
| 650 | 0 |
_920162 _aOrganizational behavior -- United States |
|
| 650 | 0 |
_920163 _aSocial ethics |
|
| 700 |
_920164 _aTucker, Bruce, 1948- |
||
| 942 |
_2ddc _cDC |
||
| 999 |
_c6658 _d6658 |
||